Que Logos São Essas? #3 - Statistics

Estatísticas Gerais
  • Esse quiz foi jogado 637 vezes
  • A pontuação média é 30 de 42
Estatísticas das Respostas
Imagem Resposta % Correto
Facebook
99%
TikTok
98%
Youtube
98%
Snapchat
95%
Chrome
93%
Coca-Cola
93%
Lacoste
92%
Amazon
91%
Doritos
91%
Monster
91%
Santander
91%
Cartoon Network
88%
Fila
86%
Motorola
85%
Nickelodeon
85%
Sprite
85%
Skype
84%
Bic
83%
Playboy
83%
Waze
80%
Nestlé
76%
Discovery Kids
74%
Michelin
74%
Burger King
73%
ONU
72%
Twitch
68%
Rexona
67%
Peugeot
64%
Nerf
60%
Converse
58%
Taco Bell
58%
Toblerone
56%
Rolex
53%
Airbnb
50%
Champion
47%
Unilever
47%
Reddit
46%
Dell
45%
Tripadvisor
40%
iTunes
39%
Target
39%
Speedo
14%
Nenhum quiz correspondente encontrado
Distribuição das Pontuações
Porcentagem de Pessoas com Cada Pontuação
Percentil de Números Respondidos
Sua Pontuação Histórica
Você não jogou esse quiz